Evaluation du personnel : Quels objectifs ? Quelles methodes ?

Αποθηκεύτηκε σε:
Λεπτομέρειες βιβλιογραφικής εγγραφής
Κύριος συγγραφέας: Levy-Leboyer, Claude
Μορφή: Βιβλίο
Γλώσσα:French
Δημοσίευση: Paris : Les editions d' Organisation, 1996
Έκδοση:2nd ed.
Θέματα:
Ετικέτες: Προσθήκη ετικέτας
Δεν υπάρχουν, Καταχωρήστε ετικέτα πρώτοι!

MARC

LEADER 00000nam a2200000 i 4500
001 1/48729
008 980128s1996 fre d
020 |a 2708119702 
035 |l 10026719 
040 |a GR-MY-UA  |b gre  |e aacr 
041 0 |a fre 
082 0 |a 658.3125 
100 1 |a Levy-Leboyer, Claude. 
245 1 0 |a Evaluation du personnel :  |b Quels objectifs ? Quelles methodes ? /  |c Claude Levy - Leboyer 
250 |a 2nd ed. 
260 |a Paris :   |b Les editions d' Organisation,   |c 1996 
300 |a 246 σ. 
504 |a Περιλαμβάνει βιβλιογραφία 
650 0 0 |a Personnel management. 
852 |a INST  |b CHIOS  |e 19980128  |h 658.3125 LEV  |p 005200010009  |q 005200010009  |t BK  |y 0 
901 |a BIBL-1998-1 
909 |a Χ  |b 052546 
922 |a 2ΕΛΗ  |b 199712  |c ΜΑΡΟΥΔΑΣ  |d ΠΑΠΑΣΩΤΗΡΙΟΥ